| 000 | 00359nam a2200145Ia 4500 | ||
|---|---|---|---|
| 008 | 230917s9999||||xx |||||||||||||| ||und|| | ||
| 040 |
_e62641 _aMAIN |
||
| 041 | _aEnglish | ||
| 082 | _a589.3 S87I | ||
| 100 | _aSouth, G Robin | ||
| 245 | 0 | _aIntroduction to: Psycology | |
| 260 |
_aOxford _bBlackwell Scientfic _c1987 |
||
| 300 | _aviii, 341 p. | ||
| 942 | _cBK | ||
| 999 |
_c60587 _d60587 |
||